000 00468nam a2200169Ia 4500
999 _c14091
_d14091
003 OSt
005 20201016115109.0
008 190216s9999||||xx |||||||||||||| ||und||
040 _coclc
082 _a824
_bLAM/E
100 _aLamb, Charles
_95735
245 0 _aEssays Of Elia /
_cCharles Lamb
260 _bMacmillan India Limited ,
_aLondon:
300 _a393p
650 _aEnglish Literature
942 _cBK
_2ddc
_h824
_iLAM/E
_k824
_mLAM/E